[Event "Leon"]
[Site "Leon"]
[Date "1997.06.07"]
[Round "3"]
[White "Izeta Txabarri, Felix"]
[Black "Nunn, John DM"]
[Result "1/2-1/2"]
[WhiteElo "2490"]
[BlackElo "2605"]
[Annotator "Hecht,H"]
[PlyCount "130"]
[EventDate "1997.06.05"]
[EventType "tourn"]
[EventRounds "9"]
[EventCountry "ESP"]
[EventCategory "10"]
[SourceTitle "CBM 060"]
[Source "ChessBase"]
[SourceDate "1997.09.29"]
[SourceVersion "1"]
[SourceVersionDate "1997.09.29"]
[SourceQuality "1"]

1. d4 Nf6 2. Nf3 g6 3. c4 Bg7 4. g3 c6 5. Nc3 d5 6. cxd5 cxd5 7. Ne5 O-O 8. Bg2
e6 9. O-O Nfd7 10. f4 f6 11. Nf3 Nc6 12. Be3 f5 (12... Nb6 {Fritz 5.00 (100s)}
13. b3 (13. Bf2 f5 14. Ne5 Bd7 15. Qd2 Nc8 16. Qe3 Kh8 17. Rfd1 Nd6 18. b3 Rc8
19. Rac1 Be8 20. Be1 Bf6 21. Na4 b6 22. Nb2 Ne4 {Karpov,A-Kasparov,G/Wch33-KK3
ENG\URS 1986/MAINB/1/2-1/2 (40)}) 13... Bd7 14. Bf2 f5 15. Rc1 Nc8 16. Na4 Nd6
17. Nc5 b6 18. Nxe6 Bxe6 19. Rxc6 Qd7 20. Rc1 Ne4 21. Ne5 Qb7 22. Qc2 Rac8 23.
Qb2 Rxc1 24. Rxc1 Rc8 25. Rc2 Bf8 26. Be1 a5 27. e3 Rxc2 28. Qxc2 Qc8 29. Qxc8
Bxc8 30. Bf1 Ba3 31. Kg2 Bc1 32. Kf3 g5 33. Bb5 g4+ 34. Ke2 Nd6 35. Bd3 Ba3 36.
b4 Bxb4 37. Bxb4 axb4 38. Nc6 b3 39. axb3 Kf7 40. Kd1 Ke6 41. Bf1 Bd7 42. Nb4 {
Bunzmann,D-Lorscheid,G/Budapest FS06 GM 1997/EXP 58/1/2-1/2 (60)}) 13. Bf2 Nf6
14. Ne5 {Ein schönes Feld für den Springer} Bd7 15. Rc1 Rc8 16. Qb3 Na5 17. Qa3
b6 18. b3 Re8 19. Qb2 Bf8 20. Rc2 Nc6 21. a3 Qe7 22. b4 Nxe5 23. dxe5 Ne4 {
Hier steht der schwarze Springer gut} 24. Nxe4 dxe4 25. Rfc1 Rxc2 26. Rxc2 Ba4
27. Rc1 Qd7 28. Bd4 Rc8 29. e3 Bb5 30. g4 Be7 31. g5 Kf7 32. Kf2 Bd3 {Hier
steht der schwarze Springer gut} 33. Rc3 Ke8 34. Bf3 Rxc3 35. Qxc3 Qa4 36. Ke1
exf3 37. Qxd3 {[#] Hecht Trotz zweier Randfreibauern und dem "besseren Läufer"
kein Gewinn für Schwarz, weil er ohne König und Läufer spielt.} a5 38. bxa5
bxa5 39. Bb2 Qe4 40. Qb5+ Kf7 41. Kf2 a4 42. h4 h5 43. Bd4 Qc2+ 44. Kxf3 Bxa3
45. Qb8 Bf8 46. Qd8 Qc6+ 47. Kg3 Qe8 48. Qb6 Qe7 49. Qa6 a3 50. Qa5 Qb4 51.
Qa7+ Be7 52. Kh3 Qc4 53. Kg3 a2 54. Kh3 Qf1+ 55. Kh2 Qe2+ 56. Kg3 Qg4+ 57. Kf2
Qxh4+ 58. Kg2 Qg4+ 59. Kf2 Qh4+ 60. Kg2 Qg4+ 61. Kf2 h4 62. Qxa2 h3 63. Qa8 h2
64. Qh1 Qh3 65. Bb6 Kf8 1/2-1/2

[Event "Groningen Festival"]
[Site "Groningen"]
[Date "1998.12.30"]
[Round "10"]
[White "Yermolinsky, Alex"]
[Black "Almasi, Zoltan"]
[Result "0-1"]
[WhiteElo "2625"]
[BlackElo "2650"]
[Annotator "Hecht,H"]
[PlyCount "98"]
[EventDate "1998.12.20"]
[EventType "tourn"]
[EventRounds "10"]
[EventCountry "NED"]
[EventCategory "16"]
[SourceTitle "CBM 069"]
[Source "ChessBase"]
[SourceDate "1999.04.01"]
[SourceVersion "1"]
[SourceVersionDate "1999.04.01"]
[SourceQuality "1"]

1. Nf3 c5 2. g3 Nc6 3. Bg2 g6 4. c3 Bg7 5. d4 cxd4 6. cxd4 Nf6 7. Nc3 d5 8. Ne5
e6 9. O-O O-O 10. Bf4 Bd7 11. Qd2 Nxe5 12. Bxe5 Bc6 13. Rfd1 Rc8 14. Rac1 Nd7
15. Bxg7 Kxg7 16. e3 Nb6 17. b3 Qe7 18. Qb2 Kg8 19. h4 h5 20. Qd2 Qb4 21. Bf1
a5 22. Bd3 Kg7 23. Ne2 Qxd2 24. Rxd2 Ra8 25. a3 Nc8 26. Rdc2 Nd6 27. Rc5 Kf6
28. f3 Ke7 29. Kf2 Rfc8 30. Nf4 Kd7 31. g4 a4 32. b4 b6 33. R5c3 Bb5 34. gxh5
Rxc3 35. Rxc3 gxh5 36. Bxb5+ Nxb5 37. Rd3 Rg8 38. e4 dxe4 39. fxe4 Rg4 40. Nxh5
Rxh4 41. Ng3 Rh2+ 42. Ke3 Ra2 43. d5 e5 44. Nf5 Rxa3 45. Rxa3 Nxa3 46. Kd3 b5
47. Nh6 Nc4 48. Kc2 Ne3+ 49. Kc3 f6 {und die zahlreichen Verlustmerkmale wie
schlechter König, Minusbauer und verlaufener Springer geben Weiß hinreichenden
Anlaß zur Aufgabe, Beweis:} (49... f6 50. Nf7 (50. Kb2 Ke7 51. Ng8+ Kf7 52. d6
Nc4+ $19) 50... Ke7 51. Nh8 (51. Nh6 Kf8 52. d6 Ke8 53. Ng8 Ng4 $19) 51... f5
52. Ng6+ Kf6 53. exf5 Nxd5+ $19) 0-1

[Event "EU-chT (Men) 10th"]
[Site "Debrecen"]
[Date "1992.11.??"]
[Round "2.1"]
[White "Vaganian, Rafael A"]
[Black "Hjartarson, Johann"]
[Result "0-1"]
[WhiteElo "2590"]
[BlackElo "2580"]
[Annotator "Hjartarson,J"]
[PlyCount "102"]
[EventDate "1992.11.20"]
[EventType "team-swiss"]
[EventRounds "9"]
[EventCountry "HUN"]
[SourceTitle "EU-chT"]
[Source "ChessBase"]
[SourceDate "1999.07.01"]
[SourceVersion "2"]
[SourceVersionDate "1999.07.01"]
[SourceQuality "1"]
[WhiteTeam "Armenia"]
[BlackTeam "Iceland"]
[WhiteTeamCountry "ARM"]
[BlackTeamCountry "ISL"]

1. Nf3 Nf6 2. c4 g6 3. d4 Bg7 4. g3 O-O 5. Bg2 c6 6. O-O d5 7. cxd5 cxd5 8. Nc3
Nc6 9. Ne5 Bf5 $6 (9... e6 10. Nxc6 bxc6 11. Bf4 (11. Na4 Nd7 12. Bf4 (12. b3
c5 13. Bb2 Ba6 14. Re1 Bb5 $2 (14... Rc8 $1 15. dxc5 Bxb2 16. Nxb2 Qf6 $1 $10)
15. dxc5 Bxb2 16. Nxb2 Nxc5 17. b4 Ne4 18. a4 Qf6 19. Bxe4 dxe4 20. Qb1 Ba6 21.
b5 Bb7 22. Nc4 $14 {Sideif-Zade-Asanov, SSSR 1991}) 12... Qa5 $1 13. a3 Ba6 14.
b4 Qd8 15. Re1 Bc4 $10 {Ahmylovskaja-Ciburdanidze, Sofia/Borzomi (m) 1986})
11... Ba6 (11... Nd7 $1) 12. Qd2 Nd7 13. Rac1 $14 {Andersson-Uhlmann,
Thessaloniki (ol) 1988}) 10. Nxc6 bxc6 11. Bf4 (11. Na4 Nd7 12. b3 e5 13. dxe5
Bxe5 14. Bh6 $1 Re8 15. Rc1 Rc8 16. Qd2 $10 {Botvinnik-Smyslov, Moskva (m/11)
1957} (16. Be3 $1 $14)) 11... Nd7 12. Na4 Qa5 13. b3 (13. Bd2 Qb5 14. Bc3 Rac8
15. Rc1 Rfd8 16. b3 e5 $10 {Savon-Browne, Wijk aan Zee 1972}) 13... Nb6 $5 (
13... Rfc8 $14) (13... c5 $14) 14. Bd2 (14. Nc5 $5 e5 15. Be3 Rfe8 16. Re1 Bg4
$13) 14... Qb5 15. Nc3 Qa6 16. Be3 Rad8 17. Qd2 c5 (17... e5 $2 18. Rfd1 $16 c5
$2 19. dxc5 d4 20. cxb6 dxe3 21. Qxd8 exf2+ 22. Kf1 $1 Rxd8 23. Rxd8+ Bf8 24.
b7 $18) 18. Rfd1 $1 (18. Rac1 Rd7 $1 $132) 18... c4 (18... Rd7 19. Bh6 $1 (19.
dxc5 $2 d4 $17) 19... cxd4 20. Bxg7 Kxg7 21. Qxd4+ f6 (21... Kg8 22. Rac1 $16)
22. Qb4 $1 $16) 19. b4 (19. Bh6 Bxh6 20. Qxh6 Qa5 $10) 19... Qa3 20. b5 a6 (
20... Rd7 $6 21. Qc1 $1 Qa5 (21... Qxc1 22. Rdxc1 e5 23. Rd1 $16) 22. a4 a6 23.
Bd2 $16) 21. bxa6 (21. Qc1 $6 Qxc1 22. Rdxc1 axb5 23. Nxb5 Na4 $1 $10) 21...
Rd7 $1 22. h3 h5 23. a7 $6 (23. Qc1 $1 Qa5 $1 (23... Qxa6 24. a4 Qa5 25. Bd2
$16) 24. a4 Rfd8 25. Bd2 Qxa6 26. a5 Nc8 27. Be1 $14) 23... Qxa7 24. a4 Qa5 25.
Ra2 (25. Nb5 Qa6 26. Nc3 Qa5 27. Nb5 $10) 25... Rfd8 26. Rda1 Nc8 $1 27. Rb2 $2
(27. Nb5 Qa6 28. Nc3 Qa5 $10) 27... Na7 $15 28. f4 (28. Nb5 Nc6 $15) 28... Nc6
29. Bf2 Qa7 $1 30. Rd1 (30. Nb5 Qa6 31. a5 $6 (31. Nc3 Na5 $17) 31... Rb7 32.
Na3 Qxa5 $1 33. Qxa5 Nxa5 34. Rxb7 Nxb7 $17) 30... Na5 31. e3 $2 {xd3} (31. Kh2
{/\Bf3,g4<->} Nb3 32. Qe3 Qa6 33. Bf3 Qe6 34. g4 hxg4 35. hxg4 Qxe3 36. Bxe3
Be6 37. Bf2 f5 $15) 31... e6 32. Qe2 Bd3 33. Qf3 Rb7 34. Rb5 (34. Nb5 Qa6 $17)
34... Rxb5 35. axb5 Nb3 36. g4 hxg4 37. hxg4 Qa5 38. Be1 (38. Ne2 Nd2 $19)
38... Nxd4 (38... Bc2 39. Nxd5 Bxd1 40. Bxa5 (40. Qxd1 Qxb5 41. Ne7+ Kf8 42.
Nc6 Rd7 43. Bb4+ Ke8 $19) 40... Bxf3 41. Ne7+ Kf8 42. Bxd8 Bxg2 43. Kxg2 c3 44.
b6 Na5 $19) 39. Qh3 Nc2 40. Nxd5 $8 Qa3 $1 $19 (40... Nxe1 $2 41. Ne7+ Kf8 42.
Nc6 $132) 41. Qh4 (41. Nc7 Nxe1 42. Rxe1 Qa5 $19) 41... Rxd5 42. Bxd5 exd5 43.
Qd8+ Bf8 44. Bf2 Qb3 45. b6 Nd4 $1 46. Ra1 Qb2 47. Ra8 (47. Rd1 Qe2 $19) 47...
Ne6 48. Qh4 c3 49. Qf6 Qe2 50. Ra1 Qxg4+ 51. Kh2 Be4 0-1

[Event "Pamplona 9899 9th"]
[Site "Pamplona"]
[Date "1998.12.27"]
[Round "1"]
[White "Illescas Cordoba, Miguel"]
[Black "Xie, Jun"]
[Result "1/2-1/2"]
[WhiteElo "2605"]
[BlackElo "2510"]
[Annotator "Illescas Cordoba,M"]
[PlyCount "119"]
[EventDate "1998.12.27"]
[EventType "tourn"]
[EventRounds "9"]
[EventCountry "ESP"]
[EventCategory "13"]
[SourceTitle "CBM 069"]
[Source "ChessBase"]
[SourceDate "1999.04.01"]
[SourceVersion "1"]
[SourceVersionDate "1999.04.01"]
[SourceQuality "1"]

1. d4 {Ftacnik} Nf6 2. c4 g6 3. g3 c6 4. Bg2 d5 5. cxd5 cxd5 6. Nf3 Bg7 7. O-O
O-O 8. Ne5 e6 9. Nc3 Nfd7 10. f4 Nc6 11. Be3 Nb6 12. Bf2 Bd7 13. e4 Ne7 14.
Nxd7 Qxd7 15. e5 Rac8 $5 (15... Rfc8) 16. Qe2 $5 $146 (16. Qd3 Nc4 17. b3 Na3
$11 {Gomez Esteban,J-Ubilava,E/Toledo 1991}) 16... a6 {[%cal Yc8c7,Yf8c8] /\Rc7
} (16... Nc4 17. Rad1 $14) (16... Rc7 $2 17. Nb5) (16... Na4 $6 17. Nb5) 17.
Rae1 {[%cal Ge2e6] against move f7-f6} (17. Rad1 Na4 $5) 17... Rc7 (17... Na4
18. Nd1 $5) 18. g4 Rfc8 19. f5 $5 {[%mdl 4] very unclear pawn sacrifice
Ftacnik: 'Illescas has studied the position in great depth, opening of the
kingside is rather dangerous for black. '} (19. Bh3 Na4 $36) 19... gxf5 (19...
exf5 20. e6 $1 $44) 20. gxf5 Nxf5 (20... exf5 $6 21. e6 fxe6 22. Qxe6+ Qxe6 23.
Rxe6 $36) 21. Qh5 $44 Nc4 $2 {'?!' Ftacnik. Ftacnik: 'Black misses nice
tactical shot and lands in a worse position.'} (21... f6 $1 {was critical}) 22.
Nxd5 $1 Nd2 $8 (22... exd5 23. Bh3 $18) 23. Qg5 $1 {/\Nf6} (23. Nxc7 Rxc7 24.
Be4 Nxf1 25. Rxf1 Qc8 $1 {/\Rc1} 26. Bxf5 exf5 27. Be3 Rc2 $132) (23. Nb6 $6
Qd8 24. Nxc8 Qxc8 $11) (23. Nf6+ $2 Bxf6 24. exf6 Nxf1 25. Be4 Kh8 $17) 23...
exd5 24. Qxd2 $16 {[%csl Rd5,Gf2,Rf7,Gg2] ^^ ><d5,f7} Ne7 (24... Rc2 $2 25. Qd3
) 25. Qd3 $1 {[%cal Yg2h3] /\Bh3} Qg4 26. Kh1 Qg6 27. Qf3 (27. Qb3 Qc2 $132)
27... Qb6 (27... Rc2 28. Bh3 $16) 28. Bh3 (28. Bg3 $5 $16 Rf8 $140 29. e6)
28... Rf8 29. Rg1 $40 {[%csl Rg8]} Ng6 (29... Qxb2 $2 30. Rxg7+ Kxg7 31. Qf6+
Kg8 32. Be3 Rc2 33. Bh6 Rxh2+ 34. Kg1 $18) 30. Re2 Kh8 31. Bf5 $1 {'?!'
Ftacnik. Ftacnik: 'This only helps the defender, it was better not to provoke
the f7-f5 push. '} (31. Be3 f5 $5 32. Qxd5 f4 33. Bf2 f3 $132) 31... Ne7 32.
Bd3 f5 $1 33. Qh5 $2 (33. Be3 $1 Qe6 34. Reg2 Ng6 35. Qh5 Kg8 36. Bh6 $40)
33... Qh6 $1 34. Qxh6 Bxh6 35. Rc2 (35. Bh4 $1 $14) (35. Kg2 Ng6 36. Kf3 Nf4
37. Rc2 Rxc2 38. Bxc2 Nh3 $11) 35... Rxc2 36. Bxc2 Rg8 $1 (36... Rc8 $2 37. Bh4
) 37. Bh4 (37. Rxg8+ Kxg8 38. Kg2 Kf7 39. Kf3 Ke6 $11) (37. Rd1 Rc8 38. Bd3 Rc1
39. Rxc1 Bxc1 40. b3 Kg7 $11) 37... Rxg1+ 38. Kxg1 Nc6 39. e6 {[%mdl 4096]
Ftacnik: 'Two bishops are very dangerous in positions with the pawn assymetry,
black must take great care.'} (39. Bf2 Bc1 40. Bxf5 Bxb2 $11) 39... Kg7 40. Bb3
$138 (40. Bxf5 $142 Be3+ 41. Kg2 Bxd4 42. e7 Kf7 43. Bxh7 (43. Be6+ Ke8 44.
Bxd5 Bxb2 $11) 43... Nxe7 44. b3 $14) 40... Be3+ 41. Kg2 Bxd4 42. e7 (42. Bxd5
Bf6 $11) 42... Kf7 43. Bxd5+ Ke8 44. b4 Be5 45. a4 (45. a3 Bd6 $11) 45... Bd6
46. b5 axb5 47. axb5 (47. Bxc6+ $2 bxc6 48. a5 b4 49. a6 Bb8 50. Bf2 b3 $19)
47... Nxe7 48. Bxb7 Kd7 $11 49. Bf2 (49. b6 Bc5 50. Bf2 Bxf2 51. Kxf2 Nc8 $11)
49... Ng6 50. Bc6+ (50. b6 Nf4+ 51. Kf3 Nd3 $11) 50... Kc7 51. Be8 (51. Bf3
Nf4+ 52. Kf1 Nd3 53. b6+ Kb8 54. Bg1 Bc5 $11) 51... Nf4+ 52. Kf3 Nd3 53. Bg1 (
53. Bg3 Ne5+ 54. Kf4 Nf7+ $11) 53... Kd8 $11 54. Bh5 Ke7 55. b6 Kd7 56. h4 {
'?!' Ftacnik.} Nf4 57. Bf7 Ng6 58. Bg8 Nxh4+ 59. Ke2 Ng6 60. Bxh7 1/2-1/2

[Event "Candidates sf2"]
[Site "Linares"]
[Date "1992.??.??"]
[Round "1"]
[White "Jussupow, Artur"]
[Black "Timman, Jan H"]
[Result "1-0"]
[WhiteElo "2655"]
[BlackElo "2620"]
[Annotator "Jussupow,A"]
[PlyCount "67"]
[EventDate "1992.04.??"]
[EventType "match"]
[EventRounds "10"]
[EventCountry "ESP"]
[SourceTitle "Candidates"]
[Source "ChessBase"]
[SourceDate "1999.07.01"]
[SourceVersion "2"]
[SourceVersionDate "1999.07.01"]
[SourceQuality "1"]

1. d4 {Ftacnik Stohl} Nf6 2. c4 g6 3. Nf3 Bg7 4. g3 O-O 5. Bg2 c6 6. O-O d5 7.
cxd5 cxd5 8. Nc3 (8. Ne5 {Stohl} e6 9. Nc3 Nfd7 {-8.Nc3 e6} (9... Nfd7 {Stohl}
10. f4 (10. Nf3 Nc6 (10... Nf6 $5 $10) 11. Bg5 Qb6 12. Na4 Qa6 13. Rc1 b5 14.
Nc3 b4 15. Na4 Qb5 16. b3 Ba6 17. Qd2 Rac8 18. Rfe1 Rfe8 $10 {Yusupov,
A-Dolmatov,S,Wijk aan Zee cm 1991-CBM 22}) 10... Nc6 11. Be3 Nb6 12. Bf2 Ne7 $1
13. a4 a5 14. Qb3 Bd7 15. Rfc1 Bc6 16. Nb5 Nbc8 17. e3 Nd6 18. Nxd6 Qxd6 19.
Be1 Rfb8 $1 $10 {Karpov,A-Kasparov,G,Sevilla Wch 1987-CBM 04})) 8... Ne4 9.
Nxe4 dxe4 10. Ne5 f6 (10... Qd5 {Stohl} 11. b3 Nc6 12. Bb2 Be6 13. e3 Rfd8 14.
Nd3 $1 f5 15. Nf4 Qd7 16. g4 $1 $36 {Salov,V-Gelfand,B,Linares 1991-CBM 22;
Ftacnik:Grunfeld 1.}) 11. Qb3+ e6 12. Nc4 Nc6 (12... Qxd4 $2 {Stohl} 13. Be3
$16) (12... f5 $6 {Stohl} 13. Bf4 Nc6 14. e3 $16) 13. e3 f5 14. Bd2 Rb8 (14...
Qd5 {Stohl ECO 79/10} 15. Rac1 (15. f3 $1 $16 {Chandler, BCM 1992/p.213}) 15...
e5 {= ECO 79/10 Pfleger,H-Ghitescu/EU-chT Hamburg/1965/1/2-1/2/}) 15. a4 $5 (
15. Rac1 Bd7 (15... b6 $5 {Stohl /\} 16. f3 exf3 17. Bxf3 Bb7 $13) 16. Rfd1 b5
$5 (16... Qe7 17. Ne5 $1 Nxe5 18. dxe5 Rfd8 19. Ba5 b6 20. Bc3 Bf8 21. Bf1 Qe8
22. Bb4 Bg7 23. Qa3 $1 Bxe5 24. Bd6 $1 $16 {Andersson,U-Nunn,J,Skelleftea
1989-CBM 14}) 17. Ne5 Nxe5 18. dxe5 b4 $1 {-51/453} (18... b4 19. Rc5 a5 20.
Qc4 $5 Rc8 21. Qd4 $14 {Yusupov,A-Dolmatov,S,Wijk aan Zee cm 1991-CBM 22} (21.
Qd4 {Ftacnik} Rxc5 22. Qxc5 $10 {Yusupov,A-Dolmatov,S/Wijk aan Zee/1991/})) (
18... Bxe5 19. Bc3 $16)) 15... Rf7 $6 {N} (15... Bd7 {-49/(531)}) (15... Bd7 {
Stohl} 16. Qa3 Re8 17. a5 Bf8 18. Qa2 Qe7 19. Rfc1 Rec8 20. Bf1 Qd8 21. Rab1
Be8 22. b4 Ne7 23. Ne5 Nd5 $14 {Ribli,Z-Andersson,U/Clermont-Ferrand/1989/1/
2-1/2/46/ ->CBM 14}) 16. Rac1 $14 (16. Rfc1 $6 Qd5) 16... b6 $6 (16... Qd5 17.
f3 $16) (16... e5 17. Nxe5 $1 Bxe5 (17... Nxe5 18. dxe5 Qxd2 19. Rc7 $18) 18.
dxe5 Nxe5 (18... Qxd2 19. Rxc6 $18) 19. Rc5 $5 Nd3 20. Rd5 $16) (16... Rc7 $5)
(16... Rc7 $142 $5 {Stohl} 17. f3 (17. Rfd1 $5 $14) 17... exf3 18. Bxf3 Bd7 19.
d5 exd5 20. Bxd5+ Kh8 21. Bc3 $36) (16... Rc7 $5 {Ftacnik}) 17. f3 $1 $16 exf3
18. Bxf3 Bb7 (18... Ne7 19. Bb4 $16 (19. Bb4 {Stohl} Ba6 (19... Nd5 20. Bd6
Rbb7 21. Ne5 $1 $16) 20. Nd6 Rf6 $8 21. Rfd1 $16 {->[+]><e6})) (18... Rc7 19.
Na3 $16) 19. Bxc6 $1 Bxc6 20. Ne5 Bxa4 $1 (20... Bxe5 21. Rxc6 $18 (21. Rxc6 {
Ftacnik} Bg7 22. Qxe6 $16)) (20... Bd5 {Stohl} 21. Nxf7 Kxf7 22. Qc2 $18 {/\Qc7
}) 21. Nxf7 (21. Qxa4 $2 {Stohl} Bxe5 22. dxe5 Qxd2) 21... Bxb3 $2 (21... Qd7
$142 $1 {Ist besser} 22. Qa2 (22. Qc4 Kxf7 23. Qc7 (23. d5 $5 exd5 24. Qf4 Rb7
25. Bc3 $36) 23... Rb7 (23... Rd8 {Ftacnik} 24. Qxd7+ Rxd7 $14) 24. Qxd7+ Rxd7
(24... Bxd7 $6 25. Bb4 $16) 25. Rc8 (25. Bb4 a5) 25... e5 $14) 22... Kxf7 23.
g4 $5 (23. Ra1 Bb5 24. Qxa7 $2 Rb7) (23. d5 exd5 24. e4 Bb5 $1 25. Bf4 (25.
exd5 Bxf1 26. d6+ Kf8 27. Rc7 Bd4+) 25... Rb7 26. Rfd1 fxe4 27. Rxd5 Qe6) (23.
Rc3 Bb5 24. Rfc1 Rb7 $44) 23... Kg8 $5 (23... Bb5 $140 24. gxf5 Bxf1 25. fxe6+
Qxe6 26. Rxf1+ Bf6 27. Qxa7+ $18 {Dvoretzky}) (23... Bc6 24. gxf5 Bd5 25. fxe6+
(25. fxg6+ Kg8 26. gxh7+ Kxh7 $13) 25... Kxe6 26. Qb1 Qe7 27. e4 (27. Rf2 $13)
27... Bxd4+ 28. Kg2 $5 $36 (28. Kh1 Bb7 (28... Qb7) 29. Qa2+ Kd6 (29... Ke5 $1
30. Rce1 Rf8 $40) 30. Bf4+ $18)) (23... Ke8 24. Ra1 Bc6 (24... Bb5 25. Qxa7 Rb7
26. Qa8+ Kf7 27. Rfc1 $16) 25. Qxa7 Rb7 26. Qa8+ Kf7 27. Rfc1 {/\Rc6} Rc7 $44)
24. gxf5 gxf5 25. Rxf5 Kh8 (25... Bc6 26. Rxc6 Qxc6 27. Qxa7 Ra8 28. Qf7+ Kh8
29. Rg5 $16) 26. Rg5 Rg8 27. Qc4 $16) 22. Nxd8 Rxd8 23. Rc3 $1 Bd5 24. Rfc1 $18
{/\ Rc8} Bf6 25. Rc8 (25. Rc7 {Stohl} a5 $16) 25... Bb7 26. R8c7 $1 (26. Rxd8+
Bxd8 $16) 26... Be4 27. Bb4 $1 (27. Rxa7 {Stohl} e5 28. Bc3 $18) 27... g5 28.
Be7 Bxe7 29. Rxe7 f4 30. gxf4 (30. Rxe6 $18 {Stohl}) 30... gxf4 31. exf4 a5 32.
Kf2 {/\ Re6} Bf5 33. Rb7 b5 34. Rcc7 {Yusupov} (34. Rcc7 {Stohl} b4 35. Ra7 $18
{[Stohl]}) 1-0

[Event "Moscow Aeroflot op-A"]
[Site "Moscow"]
[Date "2006.02.16"]
[Round "9"]
[White "Georgiev, Kiril"]
[Black "Sasikiran, Krishnan"]
[Result "0-1"]
[WhiteElo "2645"]
[BlackElo "2670"]
[Annotator "Krasenkow,M"]
[PlyCount "124"]
[EventDate "2006.02.08"]
[EventType "swiss"]
[EventRounds "9"]
[EventCountry "RUS"]
[SourceTitle "CBM 112"]
[Source "ChessBase"]
[SourceDate "2006.06.07"]
[SourceVersion "1"]
[SourceVersionDate "2006.06.07"]
[SourceQuality "1"]

1. d4 Nf6 2. c4 g6 3. Nf3 Bg7 4. g3 O-O 5. Bg2 c6 6. Nc3 d5 7. cxd5 cxd5 8. Ne5
e6 9. O-O Nfd7 10. f4 Nc6 11. b3 {This quiet move is not as harmless as it
looks like.} Ndxe5 {Other options:} (11... f6) (11... Qa5) (11... Nb6) 12. dxe5
(12. fxe5 Bd7 13. Na4 Qe7 14. Be3 Rfc8 15. Qd2 {1/2-1/2 Cvitan,O-Kapetanovic,A/
JUG-ch (07)/1991/}) 12... f6 (12... b5 13. Be3 Qa5 14. Rc1 Bb7 15. a4 bxa4 16.
Nxa4 Rfc8 17. Nc5 Nd8 18. Bd4 $14 {1/2-1/2 Eingorn,V-Iuldachev,S/
Recklinghausen 1999/EXT 2000 (40)}) 13. exf6 Bxf6 (13... Qxf6 $5 14. Bd2 (14.
Bb2 $5) 14... Qe7 15. Rc1 Bd7 16. Kh1 Rad8 17. Qe1 Be8 18. g4 Bf7 19. e4 d4 20.
Na4 e5 21. f5 Bf6 22. Bh6 Bg5 $5 23. Bxg5 Qxg5 24. Nc5 d3 25. Rd1 d2 26. Qg3
Rd4 27. Rf2 Qe7 28. Qc3 Rc8 29. Na4 Qg5 30. Rfxd2 Qxg4 31. Rxd4 exd4 32. Qd2 {
1/2-1/2 Georgiev,K-Neverov,V/Istanbul 2003/CBM 096}) 14. Bb2 {White has now
two plans: one is to trade the dark-squared bishops and occupy the dark
squares; the other is the e2-e4 break.} b5 {Here is an example how White
carries out his plans if Black plays passively:} (14... Bd7 15. Qd2 Ne7 (15...
Rc8 16. Rfd1 Ne7 17. Rac1 Bc6 18. e4 Qb6+ 19. Kh1 Rcd8 20. e5 Bg7 21. Ba3 Rfe8
22. Ne2 Nf5 23. Bc5 $14 {1/2-1/2 Cvitan,O-Rogulj,B/Mendrisio 1988/EXT 97 (48)})
16. e4 (16. Kh1 $5 Bc6 17. Rad1 Nf5 18. e3 Qb6 19. Rfe1 Rad8 20. Na4 Bxa4 21.
Bxf6 Rxf6 22. bxa4 Rff8 23. a5 Qc7 24. Qb4 Qg7 $6 25. e4 dxe4 26. Qxe4 Nd4 27.
Qxb7 $16 {1-0 Fridman,D-Gozzoli,Y/Lausanne 2005/CBM 108 ext (29)}) 16... Bc6
17. e5 Bg7 18. Rf2 Nf5 19. Ne2 Qb6 20. Nd4 Rfe8 21. g4 $1 Nxd4 22. Bxd4 Qc7 23.
Qe3 a6 24. h4 Qe7 25. Qg3 Qb4 26. Rd1 Bf8 27. f5 $1 $18 {1-0 Filippov,V-Kruppa,
Y/Minsk 1996/CBM 054/[Ftacnik] (41)}) 15. Kh1 {It is now White who plays
passively.} (15. e4 $5 {must be checked.}) 15... Bb7 16. Qd2 Qa5 17. Rfd1 Rad8
{e2-e4 is hardly possible anymore; nor can White swap the dark-squared bishops.
} 18. e3 Qb6 19. Rac1 Bg7 20. Qe1 Rf7 21. Rd2 Ne7 22. e4 {At last! But Black
is well-centralized. The position is approximately balanced.} d4 23. Ne2 e5 $1
24. fxe5 Bxe5 25. Rcd1 Nc6 26. Qg1 Qa5 (26... Rfd7 27. Nf4) (26... d3 27. Qxb6
axb6 28. Nf4 Bxb2 29. Rxb2 Ne5 30. Rbd2 $13) 27. Nc1 $6 {White either
overestamates his position or fails to calculate the capture on d4, which
would lead to equality:} (27. Nxd4 Bxd4 (27... Nxd4 28. Bxd4 Rfd7 $6 29. Bc3
Rxd2 30. Bxa5 Rxd1 31. Bxd8) 28. Bxd4 Rfd7 (28... Rxd4 $6 29. Rxd4 Nxd4 30.
Qxd4 Qxa2 31. Qe5 $16) 29. h3 (29. Bc3 $2 Rxd2 30. Bxa5 Rxd1 31. Be1 Ne5) (29.
e5 Rxd4 30. Rxd4 Nxd4 31. Bxb7 Qc7 32. Bg2 Qxe5 $11) 29... Qb4 30. e5 (30. Bc3
$2 Rxd2 31. Bxb4 Rxd1 32. Be1 Rc1) 30... Nxd4 31. Bxb7 Ne2 32. Rxd7 Rxd7 33.
Qe1 Nxg3+ 34. Kh2 Qxe1 35. Rxe1 Nf5 $11) {The white knight aims to d3 but...
it's too a long way!} 27... Bg7 $1 {[%cal Rg7h6,Yh6e3]} 28. Rf2 Re7 29. Qf1 Ba6
30. Rc2 b4 31. Qg1 Bb5 32. Rc5 Qb6 33. Rd5 Rf8 34. a4 Ba6 35. Nd3 {At last!
But Black eliminates this knight instantly.} Bxd3 36. Rxd3 Ref7 37. e5 {
White must urgently activate his g2 bishop.} Qa6 38. Rb5 $2 {Blundering the
important e5 pawn.} (38. Rd1 {was enough to hold on:} Nxe5 (38... Bxe5 39. Rc5
Qe2 40. Ba1 Rf2 41. Re1) (38... Qe2 $6 39. Bxd4) 39. Bxd4 Ng4 40. h3 Bxd4 (
40... Nf2+ 41. Bxf2 Rxf2 $13) 41. R1xd4 Rf1 42. Bxf1 Qxf1 (42... Rxf1 43. hxg4)
43. Qxf1 Rxf1+ 44. Kg2 Ne3+ 45. Kh2 Nxd5 46. Rxd5 Rf2+ 47. Kh1 Rf3 48. Ra5 $11
{_|_}) 38... Nxe5 39. Rd1 (39. Rxd4 Nf3 40. Bxf3 Rxf3 $19 {[%cal Cd4d7,Cd7g7,
Ra6c6,Rf3f1,Rg7d4]}) 39... Nf3 40. Qf1 Qe6 41. Rxb4 g5 (41... Nxh2 $1 42. Qc4
Qg4 $1 {was even stronger.}) 42. Bxf3 $2 (42. Qc4 {was necessary although after
} Qe4 {Black is clearly better.}) 42... Rxf3 43. Qc4 Qxc4 44. Rxc4 Rxb3 45.
Bxd4 $2 {This leads to a deadly pin. Good or bad but} (45. Rd2 {should be
played.}) 45... Rd8 {[%cal Rb3b7,Rb7d7]} 46. Kg2 a5 $1 47. Rd2 (47. Kf2 Rb4 48.
Rxb4 axb4 49. Ke3 b3 $19) 47... Rb4 48. Rxb4 axb4 49. Bc3 Rxd2+ 50. Bxd2 b3 51.
Bc1 b2 52. Bxb2 Bxb2 53. Kf3 Kf7 54. a5 Ba3 55. h3 Bc5 56. a6 Ba7 57. h4 h6 58.
hxg5 hxg5 59. Kg4 Kg6 60. Kf3 Kf5 61. Kg2 Kg4 62. Kh1 Kh3 0-1